Music Quiz

Random Music or Song Quiz

Cryptogram: Pink Floyd songs Quiz Stats

 Plays Quiz not verified by Sporcle

Score 0/14 Timer 08:00
0 Plays Today
Cryptogram Pink Floyd song % Correct
IYSLKMONEY
86.8%
CUNL U GTVUXHAVE A CIGAR
69%
YS ECL XDSON THE RUN
63.4%
LGCYLHECHOES
62%
HLL LITRK ZRUKSEE EMILY PLAY
61.7%
ZTVH (ECXLL OTQQLXLSE YSLH)PIGS (THREE DIFFERENT ONES)
60.8%
NLXUVERA
58.3%
Cryptogram Pink Floyd song % Correct
XDS RTWL CLRRRUN LIKE HELL
57.2%
ECL QTSUR GDETHE FINAL CUT
51.3%
ZYB X. EYG C.POW R. TOC H.
51.3%
JXUTS OUIUVLBRAIN DAMAGE
50.1%
RLUXSTSV EY QRKLEARNING TO FLY
49.9%
IDOILSMUDMEN
49.3%
FDVJUSO JRDLHJUGBAND BLUES
34.4%

You're not logged in!

Compare scores with friends on all Sporcle quizzes.
OR
Log In

Show Comments

Extras

Created Oct 22, 2010ReportNominate
Tags:Song Quiz, cryptogram, Pink Floyd

Top Quizzes Today


Score Distribution

Your Account Isn't Verified!

In order to create a playlist on Sporcle, you need to verify the email address you used during registration. Go to your Sporcle Settings to finish the process.

Report this User

Report this user for behavior that violates our Community Guidelines.

Details: